Statistics for Countries with the Letters of a Specific Word

Click here to take the quiz!

General Stats

  • This quiz has been taken 17 times
  • The average score is 24 of 39

Answer Stats

WordContinentCountry% Correct
FASTOceaniaFederated States of Micronesia
100%
MONSOONOceaniaFederated States of Micronesia
100%
FASTAsiaAfghanistan
85%
BENGALAsiaBangladesh
85%
LEASEAsiaBangladesh
85%
BOOSTAfricaBotswana
77%
BENGALAfricaDemocratic Republic of the Congo
77%
HATEAfricaDemocratic Republic of the Congo
77%
LEASEAfricaDemocratic Republic of the Congo
77%
GRINDAfricaDemocratic Republic of the Congo
77%
LEAPAfricaDemocratic Republic of the Congo
77%
LEAPAsiaNepal
77%
MONSOONNorth AmericaUnited States of America
77%
FASTNorth AmericaUnited States of America
77%
LEAPAsiaPalestine
69%
GRINDNorth AmericaSaint Vincent and the Grenadines
69%
HATENorth AmericaSaint Vincent and the Grenadines
69%
GRINDNorth AmericaTrinidad and Tobago
69%
GRINDEuropeBosnia and Herzegovina
62%
MONSOONOceaniaSolomon Islands
62%
GRINDNorth AmericaAntigua and Barbuda
54%
HATEAfricaEthiopia
54%
LEASEEuropeNetherlands
54%
HATEEuropeNetherlands
54%
HATEAsiaNorth Korea
54%
LEASEAfricaSenegal
54%
LEASEAfricaSierra Leone
54%
FASTAfricaSouth Africa
54%
HATEAsiaSouth Korea
54%
LEASEEuropeBelarus
46%
LEAPNorth AmericaDominican Republic
46%
LEASEEuropeSwitzerland
46%
LEAPAfricaCentral African Republic
38%
LEASENorth AmericaEl Salvador
38%
LEASEAsiaIsrael
38%
MONSOONEuropeSan Marino
38%
MONSOONAfricaSão Tomé and Príncipe
31%
LEASEEuropeSlovenia
31%
LEASEAsiaMaldives
23%

Score Distribution

Percentile by Number Answered

Percent of People with Each Score

Your Score History

You have not taken this quiz